Biggest cities by population starting with O - Statistics

General Stats
  • This quiz has been taken 37 times
  • The average score is 3 of 5
Answer Stats
Population Country Answer % Correct
~2,592,400 Japan Osaka
100%
~1,001,600 Ukraine Odessa
89%
~1,086,500 Burkina Faso Ouagadougou
74%
~1,129,300 Russia Omsk
66%
~1,940,700 China Ordos
9%
No matching quizzes found
Score Distribution
Percent of People with Each Score
Percentile by Number Answered
Your Score History
You have not taken this quiz